|
|
|
|
| LEADER |
00000nab a2200000 a 4500 |
| 001 |
vtls000481728 |
| 003 |
SK-MaSNL |
| 005 |
20260304033759.0 |
| 008 |
140422c1992 xo 0 slo |
| 015 |
|
|
|a SNBRB19rr/mm-uuuuu
|
| 035 |
|
|
|a CL0481863
|
| 040 |
|
|
|a SNKBUCL
|b slo
|c SNKBUCL
|e AACR2
|
| 041 |
0 |
|
|a slo
|
| 044 |
|
|
|a xo
|c SK
|
| 080 |
|
|
|a 78.091.4:785.16
|2 1981
|
| 080 |
|
|
|a 785.16
|2 1981
|
| 100 |
1 |
|
|a Úradník, Marián
|4 aut
|9 965954
|
| 245 |
1 |
0 |
|a Jazzmatura
|b Bratislavské jazzové dni '92
|c Marián Úradník
|
| 300 |
|
|
|b Fotogr. 3
|
| 611 |
2 |
7 |
|a Bratislavské jazzové dni
|n (18. :
|d 1992 :
|c Bratislava, Slovensko)
|2 snkbucl
|9 243448
|
| 650 |
0 |
7 |
|a džez
|2 snkbucl
|9 3178
|
| 650 |
0 |
7 |
|a hudobné festivaly
|2 snkbucl
|9 2958
|
| 655 |
|
7 |
|a články z novín a časopisov
|2 snkbucl
|9 267496
|
| 773 |
0 |
|
|t Literárny týždenník
|g Roč. 5, č. 46 (1992), s. 15
|
| 850 |
|
|
|a Slovenská národná knižnica v Martine
|a MTA001
|
| 852 |
|
|
|a SNK
|b KIS3GCP
|
| 957 |
|
|
|a 5100
|
| 958 |
|
|
|a RK
|
| 999 |
|
|
|c 2649708
|d 2651638
|